000 00468nam a2200157Ia 4500
003 OSt
005 20200619115808.0
008 190216s9999||||xx |||||||||||||| ||und||
040 _coclc
082 _a954.035
_bCHA/M
100 1 _aChandra, Bipan
_9137
245 0 _aModern India /
_cBipan Chandra
260 _bNational Council Of Educational Research,
_c1971.
_aNew Delhi:
300 _a307p
942 _cBK
_2ddc
_h954.035
_iCHA/M
_k954.035
_mCHA/M
999 _c20068
_d20068